Skutky, potreby a nádeje v činohre Na záver divadelnej sezóny nielen v Slovenskom národnom divadle

Bibliographic Details
Main Author: Mrlian, Rudolf, 1916-2010 (Author)
Format: Article
Language:Slovak
Subjects:

MARC

LEADER 00000nab a2200000 a 4500
001 vtls000063794
003 SK-MaSNL
005 20260304194606.0
008 111103c1980 xo 0 slo
015 |a SNBRB19rr/mm-uuuuu 
035 |a CL0073894 
040 |a SNKBUCL  |b slo  |c SNKBUCL  |e AACR2 
041 0 |a slo 
044 |a xo  |c SK 
080 |a 792.2  |2 1981 
100 1 |a Mrlian, Rudolf,  |d 1916-2010  |4 aut  |9 200791 
245 1 0 |a Skutky, potreby a nádeje v činohre  |b Na záver divadelnej sezóny nielen v Slovenskom národnom divadle  |c Rudolf Mrlian 
610 2 7 |a Slovenské národné divadlo  |2 snkbucl  |9 32458 
651 7 |a 5100  |2 snkbucl  |9 166206 
655 7 |a články z novín a časopisov  |2 snkbucl  |9 267496 
773 0 |t Pravda  |g Roč. 61, č. 167 (17. 7. 1980), s. 5 
850 |a Slovenská národná knižnica v Martine  |a MTA001 
852 |a SNK  |b KIS3GCP 
958 |a RK 
992 |a RBX 
999 |c 3075290  |d 3077220